[Event "Winnipeg TNT February op"]
[Site "Winnipeg"]
[Date "2019.02.05"]
[Round "1.6"]
[White "Le Dorze, Philippe"]
[Black "Ott, Richard"]
[Result "1/2-1/2"]
[WhiteElo "1829"]
[BlackElo "1483"]
[PlyCount "138"]
[EventDate "2019.02.05"]
[EventType "swiss"]
[EventRounds "4"]
[EventCountry "CAN"]
[SourceTitle "EXT 2022"]
[Source "ChessBase"]
[SourceDate "2021.10.06"]
[SourceVersion "1"]
[SourceVersionDate "2021.10.06"]
[SourceQuality "1"]

1. d4 Nf6 2. c4 e6 3. g3 d5 4. Bg2 c6 5. Nf3 dxc4 6. a4 Nbd7 7. 0-0 h6 8. Nbd2 Be7 9. Nxc4 0-0 10. Re1 Re8 11. e4 Nb6 12. b3 Nxc4 13. bxc4 Nd7 14. Bf4 Bb4 15. Re2 Nf8 16. c5 Ba5 17. Bd6 b6 18. Qb3 Ba6 19. Re3 Ng6 20. Ne5 Nxe5 21. Bxe5 Qd7 22. Bd6 Bd2 23. e5 Bxe3 24. Qxe3 Bc4 25. Rc1 Bd5 26. Bxd5 exd5 27. f4 Qh3 28. Qf3 bxc5 29. Bxc5 Rab8 30. Ba3 a5 31. Rxc6 Rb1+ 32. Rc1 Rxc1+ 33. Bxc1 Rc8 34. Qe3 Rc2 35. Bd2 Ra2 36. Qe1 Rxa4 37. Bxa5 Rxd4 38. Bd2 Re4 39. Qf2 Qg4 40. Qf1 d4 41. Kf2 Qd7 42. Qd3 Qd5 43. Qc2 d3 44. Qc8+ Kh7 45. Be3 Qa2+ 46. Kf3 Rxe3+ 47. Kxe3 Qe2+ 48. Kd4 g6 49. Qc4 Qb2+ 50. Kxd3 Kg7 51. Qc2 Qb5+ 52. Ke3 Qb6+ 53. Kf3 Qb7+ 54. Qe4 Qb3+ 55. Kg2 Qa2+ 56. Kh3 Qa6 57. Qf3 h5 58. g4 hxg4+ 59. Qxg4 Qf1+ 60. Kg3 Qg1+ 61. Kh3 Qf1+ 62. Kh4 Qf2+ 63. Qg3 Qe2 64. Kh3 Qh5+ 65. Kg2 Qe2+ 66. Qf2 Qg4+ 67. Kh1 Qd1+ 68. Kg2 Qg4+ 69. Qg3 Qe2+ 1/2-1/2

[Event "Winnipeg Woodbury Memorial"]
[Site "Winnipeg"]
[Date "2018.12.11"]
[Round "6.14"]
[White "Gannon, Keith"]
[Black "Ott, Richard"]
[Result "1-0"]
[WhiteElo "1514"]
[BlackElo "1520"]
[PlyCount "80"]
[EventDate "2018.11.06"]
[EventType "swiss"]
[EventRounds "7"]
[EventCountry "CAN"]
[SourceTitle "EXT 2022"]
[Source "ChessBase"]
[SourceDate "2021.10.06"]
[SourceVersion "1"]
[SourceVersionDate "2021.10.06"]
[SourceQuality "1"]

1. e4 c5 2. Nf3 d6 3. d4 cxd4 4. Nxd4 Nf6 5. Nc3 g6 6. Be2 Bg7 7. 0-0 0-0 8. Re1 Nc6 9. Nxc6 bxc6 10. a3 Qc7 11. Rb1 Bb7 12. b4 Ne8 13. Bb2 Rb8 14. Qd2 a5 15. Na2 axb4 16. axb4 Nf6 17. Bd3 Ra8 18. Nc3 Rab8 19. Na2 d5 20. exd5 Ng4 21. g3 e6 22. Bxg7 Kxg7 23. Qc3+ Kg8 24. h3 Nh6 25. dxc6 Qxc6 26. Qxc6 Bxc6 27. b5 Bb7 28. c4 Rfd8 29. Nb4 Nf5 30. Bxf5 gxf5 31. Red1 Bf3 32. Rxd8+ Rxd8 33. b6 Rc8 34. Rc1 h5 35. h4 Rc5 36. Na6 Re5 37. Nc7 Rc5 38. Nb5 f4 39. Nd6 fxg3 40. fxg3 Rc6 1-0

[Event "Winnipeg Woodbury Memorial"]
[Site "Winnipeg"]
[Date "2018.11.27"]
[Round "4.14"]
[White "Ott, Richard"]
[Black "Magyar, Peter"]
[Result "0-1"]
[WhiteElo "1520"]
[BlackElo "1480"]
[PlyCount "94"]
[EventDate "2018.11.06"]
[EventType "swiss"]
[EventRounds "7"]
[EventCountry "CAN"]
[SourceTitle "EXT 2022"]
[Source "ChessBase"]
[SourceDate "2021.10.06"]
[SourceVersion "1"]
[SourceVersionDate "2021.10.06"]
[SourceQuality "1"]

1. d4 e6 2. c4 c5 3. Nf3 Nf6 4. Nc3 a6 5. Bg5 b6 6. e3 d6 7. Be2 Nbd7 8. 0-0 Be7 9. Qc2 h6 10. Bf4 Bb7 11. Rad1 0-0 12. dxc5 Nxc5 13. Nd2 Qc7 14. b4 e5 15. Bg3 Ne6 16. Nb3 Ng5 17. a3 Qc6 18. f3 Rad8 19. e4 Ne6 20. Nd5 Rfe8 21. Bh4 Nf4 22. Nxf4 exf4 23. Nd4 Qc8 24. Qd2 g6 25. Bxf6 Bxf6 26. Qxf4 Bg5 27. Qg3 a5 28. Nb5 Be7 29. bxa5 bxa5 30. a4 Qc5+ 31. Kh1 Bf6 32. Rxd6 Rxd6 33. Qxd6 Be7 34. Qxc5 Bxc5 35. Rd1 Bc6 36. Bd3 Kg7 37. Bc2 Kf6 38. Nc7 Rb8 39. Nd5+ Kg7 40. g3 Rb2 41. Rd2 Bxa4 42. Re2 Bb3 43. Bd3 Rxe2 44. Bxe2 a4 45. Nc3 a3 46. Kg2 Bb4 47. Na2 Bxa2 0-1

[Event "Winnipeg Yanofsky Memorial U1800"]
[Site "Winnipeg"]
[Date "2012.07.29"]
[Round "4"]
[White "Ott, Richard"]
[Black "Czarny, Keith"]
[Result "1-0"]
[WhiteElo "1581"]
[BlackElo "1655"]
[PlyCount "58"]
[EventDate "2012.07.27"]
[EventType "swiss"]
[EventRounds "5"]
[EventCountry "CAN"]
[SourceTitle "EXT 2022"]
[Source "ChessBase"]
[SourceDate "2021.10.06"]
[SourceVersion "1"]
[SourceVersionDate "2021.10.06"]
[SourceQuality "1"]

1. d4 b6 2. e4 Bb7 3. Nc3 e6 4. Nf3 Bb4 5. Bd3 d6 6. Qe2 Ne7 7. 0-0 0-0 8. Nd1 d5 9. c3 dxe4 10. Bxe4 Ba6 11. Bxh7+ Kh8 12. Qe4 Nf5 13. Bxf5 exf5 14. Qxa8 Bd6 15. Qd5 Bxh2+ 16. Kxh2 Qxd5 17. Rh1 Re8 18. Ne3 Qe6 19. Bd2 f6 20. Rae1 Qd7 21. Kg1+ Kg8 22. Nh4 f4 23. Nc2 Rxe1+ 24. Nxe1 Bb7 25. Ng6 Nc6 26. Bxf4 Ne7 27. Rh8+ Kf7 28. Nh4 g5 29. Bxg5 fxg5 1-0

[Event "Winnipeg Shpan Memorial"]
[Site "Winnipeg"]
[Date "2010.12.07"]
[Round "6"]
[White "Milord, Frank"]
[Black "Ott, Richard"]
[Result "1-0"]
[WhiteElo "1669"]
[BlackElo "1694"]
[PlyCount "51"]
[EventDate "2010.11.02"]
[EventType "swiss"]
[EventRounds "6"]
[EventCountry "CAN"]
[SourceTitle "EXT 2022"]
[Source "ChessBase"]
[SourceDate "2021.10.06"]
[SourceVersion "1"]
[SourceVersionDate "2021.10.06"]
[SourceQuality "1"]

1. d4 d5 2. c4 e5 3. dxe5 d4 4. Nf3 Nc6 5. a3 Nge7 6. e4 Ng6 7. Be2 a5 8. Bg5 Be7 9. Bxe7 Qxe7 10. 0-0 0-0 11. Re1 Ngxe5 12. Nxd4 Nxd4 13. Qxd4 Rd8 14. Qe3 Be6 15. c5 Nc6 16. Nc3 Nd4 17. Bd1 Qxc5 18. Rc1 Qd6 19. Nd5 Nc6 20. Bb3 a4 21. Ba2 Bxd5 22. Bxd5 Ne5 23. Qc3 c6 24. Ba2 Qg6 25. Qxe5 Rd2 26. g3 1-0

[Event "Winnipeg Shpan Memorial"]
[Site "Winnipeg"]
[Date "2010.11.30"]
[Round "5"]
[White "Ott, Richard"]
[Black "Wolchock, Theo"]
[Result "0-1"]
[WhiteElo "1694"]
[BlackElo "1551"]
[PlyCount "68"]
[EventDate "2010.11.02"]
[EventType "swiss"]
[EventRounds "6"]
[EventCountry "CAN"]
[SourceTitle "EXT 2022"]
[Source "ChessBase"]
[SourceDate "2021.10.06"]
[SourceVersion "1"]
[SourceVersionDate "2021.10.06"]
[SourceQuality "1"]

1. d4 e6 2. c4 Nc6 3. g3 Nf6 4. Bg2 Be7 5. Nc3 0-0 6. Nf3 h6 7. 0-0 b6 8. Ne5 Bb7 9. a3 a5 10. Nxc6 Bxc6 11. e4 d6 12. Be3 Re8 13. Qc2 Qc8 14. Bh3 Qb7 15. d5 exd5 16. exd5 Bd7 17. Bxd7 Nxd7 18. Qf5 Ne5 19. b3 Bf6 20. Ne4 Nd7 21. Nxf6+ Nxf6 22. Bxh6 Re5 23. Qf3 Ne4 24. Qg4 g6 25. f3 Nf6 26. Qd4 Rae8 27. Bf4 Nd7 28. Bxe5 dxe5 29. Qg4 Nc5 30. Rab1 c6 31. d6 Rd8 32. Rfd1 b5 33. Qg5 Qb6 34. Qxe5 Nd3+ 0-1

[Event "Winnipeg Shpan Memorial"]
[Site "Winnipeg"]
[Date "2010.11.16"]
[Round "3"]
[White "Coran, Sean"]
[Black "Ott, Richard"]
[Result "1-0"]
[WhiteElo "1682"]
[BlackElo "1694"]
[PlyCount "59"]
[EventDate "2010.11.02"]
[EventType "swiss"]
[EventRounds "6"]
[EventCountry "CAN"]
[SourceTitle "EXT 2022"]
[Source "ChessBase"]
[SourceDate "2021.10.06"]
[SourceVersion "1"]
[SourceVersionDate "2021.10.06"]
[SourceQuality "1"]

1. e4 c5 2. d4 cxd4 3. c3 g6 4. cxd4 Bg7 5. Nf3 Nf6 6. Nc3 d6 7. Bc4 0-0 8. 0-0 Nc6 9. Bf4 Bg4 10. Be3 Rc8 11. Bb3 Na5 12. h3 Bxf3 13. Qxf3 Nd7 14. Rac1 Nxb3 15. axb3 a6 16. Nd5 Rc6 17. Bg5 f6 18. Be3 e6 19. Nf4 Qe7 20. Rc3 Rxc3 21. bxc3 f5 22. e5 dxe5 23. dxe5 Nxe5 24. Qe2 Nc6 25. b4 Bxc3 26. Bc5 Qf7 27. Bxf8 Qxf8 28. b5 Nd4 29. Qc4 Bd2 30. Qxd4 1-0

[Event "Winnipeg TNT September op"]
[Site "Winnipeg"]
[Date "2010.09.28"]
[Round "4"]
[White "Ott, Richard"]
[Black "Trueman, Francis"]
[Result "1/2-1/2"]
[WhiteElo "1694"]
[BlackElo "1541"]
[PlyCount "58"]
[EventDate "2010.09.07"]
[EventType "swiss"]
[EventRounds "4"]
[EventCountry "CAN"]
[SourceTitle "EXT 2022"]
[Source "ChessBase"]
[SourceDate "2021.10.06"]
[SourceVersion "1"]
[SourceVersionDate "2021.10.06"]
[SourceQuality "1"]

1. d4 Nf6 2. Nf3 d6 3. Bf4 g6 4. e3 Bg7 5. h3 0-0 6. Be2 Nbd7 7. 0-0 c6 8. c4 Qc7 9. Nc3 e5 10. Bh2 Ne8 11. Re1 f5 12. Ng5 Ndf6 13. dxe5 dxe5 14. Qb3 Kh8 15. Rad1 h6 16. Nf3 Be6 17. Qc2 Nd7 18. Nh4 Bf7 19. g4 Nd6 20. gxf5 gxf5 21. Nxf5 Nxf5 22. Qxf5 Rad8 23. Bd3 Bg8 24. Qh5 Bf7 25. Qf5 Bg8 26. Qh5 Bf7 27. Qf5 Bg8 28. Qh5 Bf7 29. Qf5 Bg8 1/2-1/2

[Event "Winnipeg TNT July op"]
[Site "Winnipeg"]
[Date "2010.07.20"]
[Round "3.4"]
[White "Currie, James"]
[Black "Ott, Richard"]
[Result "1-0"]
[WhiteElo "1988"]
[BlackElo "1997"]
[PlyCount "31"]
[EventDate "2010.07.06"]
[EventType "swiss"]
[EventRounds "4"]
[EventCountry "CAN"]
[SourceTitle "EXT 2022"]
[Source "ChessBase"]
[SourceDate "2021.10.06"]
[SourceVersion "1"]
[SourceVersionDate "2021.10.06"]
[SourceQuality "1"]

1. e4 c5 2. Nf3 Nc6 3. d3 d6 4. g3 Bg4 5. h3 Bxf3 6. Qxf3 e5 7. Nc3 Nd4 8. Qd1 Nf6 9. Bg2 Qb6 10. 0-0 h6 11. Rb1 Be7 12. f4 g5 13. fxg5 hxg5 14. Bxg5 Nh5 15. Bxe7 Kxe7 16. Nd5+ 1-0

[Event "Winnipeg TNT July op"]
[Site "Winnipeg"]
[Date "2010.07.13"]
[Round "2.4"]
[White "Ott, Richard"]
[Black "Raihman, Igal"]
[Result "0-1"]
[WhiteElo "1997"]
[BlackElo "1682"]
[PlyCount "46"]
[EventDate "2010.07.06"]
[EventType "swiss"]
[EventRounds "4"]
[EventCountry "CAN"]
[SourceTitle "EXT 2022"]
[Source "ChessBase"]
[SourceDate "2021.10.06"]
[SourceVersion "1"]
[SourceVersionDate "2021.10.06"]
[SourceQuality "1"]

1. d4 d5 2. c4 e6 3. Nc3 Nf6 4. cxd5 exd5 5. Bg5 Be7 6. e3 0-0 7. Bd3 Re8 8. Qc2 h6 9. Bf4 c6 10. Nge2 Bd6 11. h3 b6 12. 0-0-0 Bb7 13. Kb1 Na6 14. Bxa6 Bxa6 15. g4 Ne4 16. Nxe4 dxe4 17. Qxc6 Bd3+ 18. Rxd3 exd3 19. Ng3 Bxf4 20. exf4 Qxd4 21. Nf5 Qxf2 22. Ne7+ Rxe7 23. Qxa8+ Kh7 0-1

[Event "Winnipeg TNT May op"]
[Site "Winnipeg"]
[Date "2010.05.25"]
[Round "4"]
[White "Campbell, Gary"]
[Black "Ott, Richard"]
[Result "0-1"]
[WhiteElo "1626"]
[BlackElo "1640"]
[PlyCount "20"]
[EventDate "2010.05.04"]
[EventType "swiss"]
[EventRounds "4"]
[EventCountry "CAN"]
[SourceTitle "EXT 2022"]
[Source "ChessBase"]
[SourceDate "2021.10.06"]
[SourceVersion "1"]
[SourceVersionDate "2021.10.06"]
[SourceQuality "1"]

1. d4 d5 2. c4 e5 3. dxe5 d4 4. Nf3 Nc6 5. Nbd2 Qe7 6. Nb3 Bg4 7. Nbxd4 Rd8 8. Qa4 Qb4+ 9. Qxb4 Bxb4+ 10. Bd2 Nxd4 0-1

[Event "Winnipeg TNT May op"]
[Site "Winnipeg"]
[Date "2010.05.04"]
[Round "1"]
[White "Boron, Anthony"]
[Black "Ott, Richard"]
[Result "1-0"]
[WhiteElo "2024"]
[BlackElo "1640"]
[PlyCount "87"]
[EventDate "2010.05.04"]
[EventType "swiss"]
[EventRounds "4"]
[EventCountry "CAN"]
[SourceTitle "EXT 2022"]
[Source "ChessBase"]
[SourceDate "2021.10.06"]
[SourceVersion "1"]
[SourceVersionDate "2021.10.06"]
[SourceQuality "1"]

1. Nf3 Nf6 2. d4 e6 3. g3 d5 4. c4 dxc4 5. Qa4+ c6 6. Qxc4 Be7 7. Bg2 Qa5+ 8. Bd2 Qb6 9. Qc2 0-0 10. Nc3 Na6 11. a3 Bd7 12. 0-0 Rfe8 13. b4 Rad8 14. e3 Nb8 15. Ne5 Bf8 16. f4 g6 17. g4 Bg7 18. Bf3 Bc8 19. g5 Nd5 20. Ne4 Nd7 21. Nd6 Nxe5 22. fxe5 Rxd6 23. exd6 Qd8 24. Kh1 Qxd6 25. Qc5 Qc7 26. e4 Nf4 27. Bg4 e5 28. Bxc8 Qxc8 29. Qc4 Qh3 30. Bxf4 exf4 31. Rxf4 Qd7 32. e5 b5 33. Qb3 Qb7 34. Qf3 Bxe5 35. dxe5 Rxe5 36. Rf1 Rf5 37. Qe4 Rxf4 38. Rxf4 Qd7 39. Qf3 Qe7 40. Qe4 Qd7 41. Rf1 Kf8 42. Qe5 Qd5+ 43. Qxd5 cxd5 44. Rd1 1-0

[Event "Manitoba-ch qual"]
[Site "Winnipeg"]
[Date "2010.05.01"]
[Round "1.4"]
[White "Ott, Richard"]
[Black "Raihman, Igal"]
[Result "0-1"]
[WhiteElo "1640"]
[BlackElo "1968"]
[PlyCount "56"]
[EventDate "2010.05.01"]
[EventType "swiss"]
[EventRounds "4"]
[EventCountry "CAN"]
[SourceTitle "EXT 2022"]
[Source "ChessBase"]
[SourceDate "2021.10.06"]
[SourceVersion "1"]
[SourceVersionDate "2021.10.06"]
[SourceQuality "1"]

1. d4 d5 2. c4 e6 3. Nc3 Nf6 4. cxd5 exd5 5. Bg5 Be7 6. e3 0-0 7. Bd3 b6 8. Nf3 Bb7 9. Qc2 Nbd7 10. h3 c5 11. Bxf6 Nxf6 12. 0-0-0 Rc8 13. Kb1 Rc7 14. g4 Ne4 15. Nb5 Rc8 16. Ne5 cxd4 17. Qe2 dxe3 18. Bxe4 Bf6 19. Nf3 Re8 20. Bxh7+ Kxh7 21. g5 d4 22. Qd3+ Be4 23. g6+ Bxg6 24. Qxg6+ fxg6 25. fxe3 d3 26. h4 Rxe3 27. Ng5+ Kg8 28. Nxa7 Rc2 0-1

[Event "Winnipeg TNT April"]
[Site "Winnipeg"]
[Date "2010.04.20"]
[Round "3"]
[White "Ott, Richard"]
[Black "Green, Jim"]
[Result "1/2-1/2"]
[WhiteElo "1613"]
[BlackElo "1768"]
[PlyCount "69"]
[EventDate "2010.04.06"]
[EventType "swiss"]
[EventRounds "4"]
[EventCountry "CAN"]
[SourceTitle "EXT 2019"]
[Source "ChessBase"]
[SourceDate "2018.10.10"]
[SourceVersion "1"]
[SourceVersionDate "2018.10.10"]
[SourceQuality "1"]

1. d4 d5 2. c4 c6 3. Nf3 Nf6 4. Nc3 a6 5. cxd5 cxd5 6. Bf4 e6 7. e3 Be7 8. Bd3 0-0 9. 0-0 Nc6 10. Rc1 Nh5 11. Be5 Nxe5 12. Nxe5 Nf6 13. Bb1 g6 14. Kh1 Bd7 15. f3 b5 16. a3 Rc8 17. Qe2 Bc6 18. Nd1 Bb7 19. Nf2 Nd7 20. Neg4 Kg7 21. Nd3 Bd6 22. Rxc8 Qxc8 23. f4 f6 24. Qf3 Qd8 25. Qh3 Qe7 26. f5 exf5 27. Nh6 Bc8 28. Nxf5+ gxf5 29. Rxf5 Nb6 30. Nf4 Bxf5 31. Qxf5 Rh8 32. Ne6+ Kf7 33. Qh5+ Kg8 34. Qg4+ Kf7 35. Qh5+ 1/2-1/2

[Event "Winnipeg TNT March op"]
[Site "Winnipeg"]
[Date "2010.03.02"]
[Round "1"]
[White "Czypinski, Jaroslaw"]
[Black "Ott, Richard"]
[Result "1-0"]
[WhiteElo "1911"]
[BlackElo "1606"]
[PlyCount "55"]
[EventDate "2010.03.02"]
[EventType "swiss"]
[EventRounds "4"]
[EventCountry "CAN"]
[SourceTitle "EXT 2022"]
[Source "ChessBase"]
[SourceDate "2021.10.06"]
[SourceVersion "1"]
[SourceVersionDate "2021.10.06"]
[SourceQuality "1"]

1. d4 d5 2. Nf3 Nf6 3. e3 c6 4. Bd3 e6 5. Nbd2 Be7 6. 0-0 0-0 7. Ne5 Qc7 8. f4 b6 9. Qe2 c5 10. c3 Nc6 11. b3 Nxe5 12. fxe5 Nd7 13. e4 cxd4 14. cxd4 Qc3 15. Nf3 Nxe5 16. Nxe5 Qxd4+ 17. Kh1 Qxe5 18. Bf4 Qd4 19. exd5 Bb7 20. Rad1 Qb4 21. dxe6 Rad8 22. exf7+ Kh8 23. Be5 Bc5 24. Bxg7+ Kxg7 25. Qe5+ Kh6 26. Qf6+ Kh5 27. Rf5+ Kg4 28. Qg5# 1-0

[Event "Winnipeg TNT February op"]
[Site "Winnipeg"]
[Date "2010.02.02"]
[Round "1"]
[White "Rutter, Blair A"]
[Black "Ott, Richard"]
[Result "1-0"]
[WhiteElo "1883"]
[BlackElo "1618"]
[PlyCount "97"]
[EventDate "2010.02.02"]
[EventType "swiss"]
[EventRounds "4"]
[EventCountry "CAN"]
[SourceTitle "EXT 2011"]
[Source "ChessBase"]
[SourceDate "2010.11.26"]
[SourceVersion "1"]
[SourceVersionDate "2010.11.26"]
[SourceQuality "1"]

1. c4 c5 2. g3 g6 3. Bg2 Bg7 4. Nc3 e6 5. e4 Nc6 6. Nge2 Nge7 7. 0-0 0-0 8. d3 d6 9. Be3 Re8 10. Qd2 a6 11. f4 Rb8 12. a4 Nd4 13. Rae1 Bd7 14. h3 Qc7 15. Kh2 f5 16. Ng1 Bc6 17. Nf3 Nxf3+ 18. Bxf3 Qd7 19. b3 b6 20. d4 fxe4 21. Bxe4 Nf5 22. Bxf5 gxf5 23. d5 Bb7 24. Rd1 e5 25. Qc2 e4 26. Rd2 Bf6 27. Re2 Qg7 28. Nd1 Kh8 29. Bc1 Re7 30. Ne3 Qg6 31. Bb2 Bd4 32. Rd1 Rg8 33. Rg2 Bc8 34. Rxd4 cxd4 35. Bxd4+ Reg7 36. Bxb6 h5 37. Bd4 Kh7 38. Bxg7 Qxg7 39. Qb2 Qa7 40. Qc3 h4 41. b4 hxg3+ 42. Rxg3 Rxg3 43. Kxg3 Qf7 44. Qd2 Qg6+ 45. Kh2 Qh6 46. Qf2 Bd7 47. b5 axb5 48. axb5 Be8 49. Nxf5 1-0

[Event "Winnipeg TNT January op"]
[Site "Winnipeg"]
[Date "2010.01.05"]
[Round "1"]
[White "Joven, Perfecto"]
[Black "Ott, Richard"]
[Result "1-0"]
[WhiteElo "1830"]
[BlackElo "1601"]
[PlyCount "96"]
[EventDate "2010.01.05"]
[EventType "swiss"]
[EventRounds "4"]
[EventCountry "CAN"]
[SourceTitle "EXT 2011"]
[Source "ChessBase"]
[SourceDate "2010.11.26"]
[SourceVersion "1"]
[SourceVersionDate "2010.11.26"]
[SourceQuality "1"]

1. e4 c5 2. Nf3 Nc6 3. d4 cxd4 4. Nxd4 g6 5. Be3 Bg7 6. Nc3 Nf6 7. f3 0-0 8. Bc4 d6 9. Qd2 Bd7 10. 0-0-0 Ne5 11. Bb3 Qc7 12. Kb1 Rfc8 13. h4 a5 14. a3 Nc4 15. Bxc4 Qxc4 16. g4 b5 17. Nce2 b4 18. axb4 axb4 19. Nb3 Qa6 20. Nec1 Be6 21. Qxb4 Nd7 22. Bd4 Bxb3 23. Nxb3 Qa2+ 24. Kc1 Ra4 25. Qb7 Rac4 26. Rh2 Bxd4 27. Rxd4 R4c7 28. Qd5 Nb6 29. Qb5 Nc4 30. c3 Ne3 31. Rd3 Qa7 32. Qa5 Qb7 33. Rxe3 Qxb3 34. Rc2 Qc4 35. Ree2 Rc6 36. Qd5 Qa4 37. Kd2 e5 38. Ke1 Qa7 39. Kf1 Qe7 40. g5 Kg7 41. Rg2 Rc5 42. Qd2 R8c6 43. Rg4 Qd7 44. Qh2 Ra5 45. h5 Qa7 46. hxg6 fxg6 47. Rf2 Qe3 48. Qh6+ Kh8 1-0

[Event "Winnipeg TNT October op"]
[Site "Winnipeg"]
[Date "2009.10.27"]
[Round "4"]
[White "Ott, Richard"]
[Black "Kernetsky, Richard"]
[Result "0-1"]
[WhiteElo "1499"]
[BlackElo "1958"]
[PlyCount "58"]
[EventDate "2009.10.06"]
[EventType "swiss"]
[EventRounds "4"]
[EventCountry "CAN"]
[SourceTitle "EXT 2011"]
[Source "ChessBase"]
[SourceDate "2010.11.26"]
[SourceVersion "1"]
[SourceVersionDate "2010.11.26"]
[SourceQuality "1"]

1. d4 Nf6 2. c4 e6 3. Nc3 Bb4 4. e3 0-0 5. Bd3 d5 6. Nf3 c5 7. a3 Bxc3+ 8. bxc3 dxc4 9. Bxc4 Nc6 10. Bd3 Qc7 11. 0-0 e5 12. e4 cxd4 13. Nh4 Bg4 14. f3 Be6 15. Qe1 dxc3 16. Nf5 Ne7 17. Nxe7+ Qxe7 18. Qxc3 Nd7 19. Qb2 Nc5 20. Be2 f6 21. Bd2 Rfc8 22. Bb4 Qf7 23. a4 Nb3 24. Rab1 Nd4 25. Bd3 Bc4 26. Bxc4 Rxc4 27. Bc3 Rxc3 28. f4 Rc2 29. Qa3 Qg6 0-1

[Event "Yanofsky Memorial op U1800"]
[Site "Winnipeg"]
[Date "2009.09.06"]
[Round "2"]
[White "Ott, Richard"]
[Black "Villeneuve, Justin"]
[Result "1-0"]
[WhiteElo "1499"]
[BlackElo "1356"]
[PlyCount "73"]
[EventDate "2009.09.04"]
[EventType "swiss"]
[EventRounds "5"]
[EventCountry "CAN"]
[SourceTitle "EXT 2011"]
[Source "ChessBase"]
[SourceDate "2010.11.26"]
[SourceVersion "1"]
[SourceVersionDate "2010.11.26"]
[SourceQuality "1"]

1. d4 Nf6 2. Nf3 d5 3. c4 Bf5 4. e3 e6 5. Nc3 Bd6 6. Qb3 b6 7. cxd5 exd5 8. Bb5+ c6 9. Be2 0-0 10. Nh4 Be6 11. g3 Nbd7 12. Bd2 Ne4 13. Nxe4 dxe4 14. Qc2 Qc7 15. 0-0 Nf6 16. Rac1 Rfc8 17. Ng2 Bxa2 18. b3 Bxb3 19. Qxb3 c5 20. Bc3 cxd4 21. Bb2 Qb7 22. exd4 Rxc1 23. Rxc1 Rc8 24. Ra1 Nd5 25. Ba6 Qb8 26. Bxc8 Qxc8 27. Qxd5 Qb8 28. Ne3 Be7 29. Qxe4 Bd6 30. d5 Qb7 31. Qe8+ Bf8 32. Ba3 h6 33. Qxf8+ Kh7 34. Nf5 Kg6 35. Nh4+ Kh7 36. Bb2 g6 37. Qg7# 1-0